Parts of Things #1 - Statistics

General Stats
  • This quiz has been taken 113,419 times
  • The average score is 15 of 20
Answer Stats
Parts Answer % Correct
Cornea, Retina, Lens Eye
99%
Root, Bark, Trunk Tree
97%
Yolk, White, Shell Egg
95%
Core, Crust, Mantle Earth
94%
Bridge, Nostril, Septum Nose
94%
Verse, Chorus, Bridge Song
90%
Neocortex, Hippocampus, Cerebellum Brain
89%
Troposphere, Stratosphere, Ionosphere Atmosphere
87%
Nave, Altar, Aisle Church
86%
Enamel, Dentine, Cementum Tooth
84%
Hi-Hat, Snare, Bass Drum set
80%
Bed, Bank, Delta River
79%
Helm, Gauntlet, Breastplate Suit of armor
79%
Father, Son, Holy ghost Trinity
78%
Fairway, Green, Tee box Golf hole
77%
Lens, Bridge, Nose pad Glasses
76%
Moat, Bailey, Keep Castle
72%
Id, Ego, Super-ego Psyche
38%
Stop, Pipe, Bellows Organ
37%
Clapper, Crown, Sound rim Bell
17%
No matching quizzes found
Score Distribution
Percent of People with Each Score
Percentile by Number Answered
Your Score History
You have not taken this quiz